| 000 | 00644nam a2200229 a 4500 | ||
|---|---|---|---|
| 999 |
_c9539 _d9539 |
||
| 001 | 9539 | ||
| 003 | BD-JhCC | ||
| 005 | 20180318132629.0 | ||
| 008 | 180318s1984 bg |||| ||a| 001 0 ben d | ||
| 035 | _a(BD-JhCC)9539 | ||
| 040 |
_aBD-JhCC _dBD-JhCC |
||
| 041 | _aben | ||
| 082 |
_a301.2 _bHAL 1984 |
||
| 100 | _aহালদার, গোপাল | ||
| 245 |
_aসংস্কৃতির রূপান্তর / _cগোপাল হালদার, |
||
| 260 |
_aঢাকা : _bমুক্তধারা, _c1984 |
||
| 300 |
_a346 p. : _c23 cm. |
||
| 650 | _aSociety | ||
| 650 | _aCulture | ||
| 942 |
_2ddc _cBK |
||